Sind diese Spieler aktuelle des HSVs? - Statistiken

Allgemein
  • Dieses Quiz wurde 402 mal gespielt
    348 seit der letzten Aktualisierung
  • Das Durchschnittsergebnis liegt bei 12 aus 15
Answers on the Grid
Answers color-coded by a green-red scale on the quiz's grid according to % correct below.
Tom Mickel
Julian Pollersbeck
Gideon Jung
Otto Stange
Fisnik Asllani
Marton Dardai
Davie Selke
Jonas Meffert
Jonas Urbig
Emir Sahiti
Mo El Hankouri
Markus Schubert
Marcel Halstenberg
Robert Glatzel
Daniel Elfadli
Filip Bilbija
Tobias Mohr
Morten Behhrens
Silvan Hefti
Julian Green
Sebastian Schonlau
Ralf Fährmann
Matheo Raab
Miro Muheim
Jessic Ngankam
Fábio Baldé
Jean-Luc Dompé
Hannes Hermann
Xavier Amaechi
Jonathan Burkardt
William Mikelbrencis
Andras Nemeth
 
Antwortstatistiken
Antwort % Korrekt
Davie Selke
90%
Jonas Meffert
89%
Otto Stange
89%
Robert Glatzel
89%
Daniel Elfadli
88%
Emir Sahiti
87%
Miro Muheim
86%
Jean-Luc Dompé
85%
Silvan Hefti
81%
Tom Mickel
81%
Fábio Baldé
80%
Sebastian Schonlau
79%
Matheo Raab
75%
William Mikelbrencis
73%
Hannes Hermann
57%
Keine übereinstimmenden Quizze gefunden
Verteilung der Resultate
Anzahl Personen mit jedem Resultat
Perzentil nach korrekt beantworteten Fragen
Ihre Resultats-Entwicklung
Sie haben dieses Quiz seit der letzten Aktualisierung nicht gespielt